00901nam a2200253Ia 4500003000400000005001700004008004000021040001000061041001200071082001600083100003600099245007400135260003900209300001100248650001900259650002000278650002300298690002800321906001100349942001200360999001900372952012800391952012800519OSt20220517092408.0210210b2000 xxu||||| |||| 00| 0 eng d aALc  aEnglish a610.02 SHEC aSHEKAR (Usha) and others937502 aC E T power scanner for medical and engineering entrance examination aBangalorebYes internationalc2000 a...156 amedical937503 aentrance937504 aengineering937505 aMedical Entrance937506 a055822 2ddccBK c103390d103390 01102ddc40708MBaALbALd2021-02-17ePremier booksg250.00l0o610.02 SHECp055821r2021-02-17 00:00:00w2021-02-17yBK 01102ddc40708MBaALbALd2021-02-17ePremier booksg250.00l0o610.02 SHECp055822r2021-02-17 00:00:00w2021-02-17yBK